[Event "AUTO-MASTER-3295"]
[Site "http://www.queenalice.com/game.php?id=1868911"]
[Date "2026.2.4"]
[Round "1"]
[White "mvson33"]
[Black "alvm"]
[Result "0-1"]
[WhiteElo "1831"]
[BlackElo "2179"]

1. d4 Nf6 2. Nf3 c5 3. e3 d5 4. Be2 Nc6 5. dxc5 Qa5+ 6. Nc3 Qxc5 7. O-O Bf5 8.
Bd2 e6 9. Bd3 Bg4 10. Be2 Be7 11. a3 O-O 12. Nb5 a6 13. Nc3 Qd6 14. Nd4 Bxe2 15.
Qxe2 Rac8 16. Rad1 Bd8 17. Nf3 e5 18. e4 d4 19. Nb1 b5 20. Bg5 h6 21. Bh4 Na5
22. Nbd2 Rxc2 23. Rb1 Nc4 24. Nxc4 Rxc4 25. Rfc1 Rxc1+ 26. Rxc1 Bb6 27. Bg3 Nd7
28. Qc2 f6 29. Qc6 Qxc6 30. Rxc6 Rd8 31. h3 Kf7 32. Kf1 Ke7 33. Rc1 Nc5 34. Ke2
Nxe4 35. Kd3 Nc5+ 36. Kd2 Nb3+ 0-1

[Event "AUTO-MASTER-3295"]
[Site "http://www.queenalice.com/game.php?id=1868912"]
[Date "2026.2.4"]
[Round "1"]
[White "alvm"]
[Black "mvson33"]
[Result "1-0"]
[WhiteElo "2159"]
[BlackElo "1876"]

1. d4 Nf6 2. c4 d5 3. Nc3 e6 4. Bg5 Nbd7 5. e3 Be7 6. Nf3 O-O 7. Rc1 b6 8. cxd5
exd5 9. Bd3 Bb7 10. O-O c5 11. Qe2 cxd4 12. Nxd4 Nc5 13. Bb1 Rc8 14. Qc2 g6 15.
Rfd1 Nce4 16. Bh6 Re8 17. Qe2 Bf8 18. Bxf8 Kxf8 19. Qf3 Kg7 20. h3 Qe7 21. a3
Nxc3 22. bxc3 Qxa3 23. Qg3 Ba6 24. Nf5+ Kg8 25. Nd6 Ne4 26. Bxe4 dxe4 27. Nxc8
Rxc8 28. Qe5 Qc5 29. Qxe4 Bc4 30. Rd7 a6 31. Rcd1 Kg7 32. h4 1-0

[Event "AUTO-OPEN-4638"]
[Site "http://www.queenalice.com/game.php?id=1869051"]
[Date "2026.2.10"]
[Round "1"]
[White "Capixaba789"]
[Black "alvm"]
[Result "0-1"]
[WhiteElo "1881"]
[BlackElo "2197"]

1. d4 Nf6 2. c4 e6 3. Nc3 d5 4. e3 Be7 5. Nf3 O-O 6. c5 Nbd7 7. Bd3 c6 8. O-O a5
9. a4 b6 10. cxb6 Nxb6 11. Ne5 Bd7 12. f4 c5 13. Nb5 cxd4 14. exd4 Rc8 15. Bd2
Nc4 16. Bc3 Ne3 17. Qf3 Nxf1 18. Rxf1 Re8 19. Qh3 h6 20. Nxd7 Nxd7 21. f5 Bf6
22. Nd6 Re7 23. Nxc8 Qxc8 24. fxe6 Rxe6 25. Qf5 Nf8 26. Bxa5 Bxd4+ 27. Kh1 Qe8
28. Qxd5 Bxb2 29. Bb4 Qxa4 30. Bxf8 Qe8 31. Bxg7 Kxg7 32. h3 Re1 33. Qf5 Rxf1+
34. Qxf1 Qe5 35. Bb1 Qg3 36. Qd3 Qe1+ 37. Kh2 Be5+ 38. g3 Qf2+ 39. Kh1 Bxg3 40.
Qh7+ Kf8 41. Qxh6+ Ke7 0-1

[Event "AUTO-OPEN-4638"]
[Site "http://www.queenalice.com/game.php?id=1869052"]
[Date "2026.2.10"]
[Round "1"]
[White "alvm"]
[Black "Capixaba789"]
[Result "1-0"]
[WhiteElo "2169"]
[BlackElo "1813"]

1. d4 d5 2. c4 e6 3. Nc3 Nf6 4. Bg5 Be7 5. e3 O-O 6. Nf3 dxc4 7. Bxc4 c6 8. O-O
Nbd7 9. e4 Ng4 10. Bxe7 Qxe7 11. h3 Nh6 12. Re1 b5 13. Bd3 b4 14. Na4 a5 15. Rc1
Bb7 16. Bb1 f5 17. exf5 Nxf5 18. Nc5 Nxc5 19. Rxc5 Qf6 20. Ne5 Nh4 21. Qd2 Rad8
22. Nxc6 Bxc6 23. Rxc6 Nxg2 24. Rexe6 Qf3 25. Be4 Qf4 26. Qe2 Nh4 27. d5 Qg5+
28. Qg4 Qxg4+ 29. hxg4 Nf3+ 30. Kg2 Nd4 31. Ra6 Nxe6 32. dxe6 Rb8 33. e7 Rfe8
34. Ra7 h6 35. Bg6 Rec8 36. e8=Q+ Rxe8 37. Bxe8 Rxe8 38. Rxa5 Rb8 39. f4 Rb7 40.
Kf3 Kf7 41. Rd5 g6 42. Ke4 Ra7 43. Rb5 Rxa2 44. Rxb4 Ra1 45. Rb7+ Kf6 46. b4 Rb1
47. b5 h5 48. g5+ Ke6 49. b6 Rb4+ 50. Kf3 Kd6 51. Rg7 Rxb6 52. Rxg6+ Kc5 53.
Rxb6 Kxb6 54. g6 1-0

[Event "AUTO-OPEN-4609"]
[Site "http://www.queenalice.com/game.php?id=1870562"]
[Date "2026.3.14"]
[Round "2"]
[White "josebaron"]
[Black "alvm"]
[Result "1/2-1/2"]
[WhiteElo "2202"]
[BlackElo "2170"]

1. e4 c6 2. Nf3 d5 3. exd5 cxd5 4. d4 Nc6 5. Bb5 Nf6 6. O-O Bd7 7. Bxc6 Bxc6 8.
Ne5 e6 9. Bg5 Be7 10. Nxc6 bxc6 11. c3 O-O 12. h3 h6 13. Bxf6 Bxf6 14. Nd2 Rb8
15. Nb3 a5 16. a4 e5 17. dxe5 Bxe5 18. Rb1 Bc7 19. Nd4 Qd6 20. Nf3 Rfe8 21. Re1
Re6 22. Rxe6 fxe6 23. c4 e5 24. Nd2 e4 25. Nf1 d4 26. Qg4 Rf8 27. Qxe4 d3 28.
Rd1 Rd8 29. c5 Qxc5 30. Rxd3 Rf8 31. Rf3 Rxf3 32. Qxf3 Bb6 33. b3 Kh7 34. g4 Bd8
35. Kg2 Bf6 36. Nd2 h5 37. Ne4 Qd4 38. Qf5+ Kg8 39. Nxf6+ gxf6 40. Qxh5 Qe4+ 41.
Kg3 Qd3+ 42. f3 Qd6+ 43. Kh4 Qe7 44. Qxa5 f5+ 45. g5 Qe3 46. Qxf5 Qxb3 47. Qc8+
Kg7 48. Qxc6 Qb4+ 49. Qe4 Qb8 50. Qe7+ Kg8 51. g6 Qf4+ 52. Kh5 1/2-1/2

[Event "AUTO-OPEN-4609"]
[Site "http://www.queenalice.com/game.php?id=1870563"]
[Date "2026.3.14"]
[Round "2"]
[White "alvm"]
[Black "josebaron"]
[Result "1-0"]
[WhiteElo "2153"]
[BlackElo "2180"]

1. d4 d5 2. c4 dxc4 3. Nf3 Nf6 4. Qa4+ c6 5. Qxc4 e6 6. Nc3 Bd6 7. e4 Bc7 8. Bg5
h6 9. Bxf6 Qxf6 10. e5 Qd8 11. Bd3 Nd7 12. O-O Nb6 13. Qb3 Nd5 14. Rac1 Nxc3 15.
bxc3 a5 16. Rfd1 O-O 17. Bb1 b5 18. Qc2 g6 19. h4 h5 20. Ng5 Kg7 21. Qe4 Qd5 22.
Qf4 Qd8 23. Be4 Bb7 24. c4 bxc4 25. Rxc4 Qe7 26. Bxc6 Bxc6 27. Rxc6 Bd8 28. d5
Qb7 29. Rdc1 exd5 30. e6 Qb4 31. Qe5+ Bf6 32. Qxd5 Bxg5 33. hxg5 1-0

[Event "AUTO-OPEN-4609"]
[Site "http://www.queenalice.com/game.php?id=1870570"]
[Date "2026.3.14"]
[Round "2"]
[White "WoodpusherKid"]
[Black "alvm"]
[Result "1-0"]
[WhiteElo "2688"]
[BlackElo "2174"]

1. g3 d5 2. d4 Nf6 3. Nf3 c5 4. Bg2 Nc6 5. O-O cxd4 6. Nxd4 e5 7. Nxc6 bxc6 8.
Bg5 Be7 9. c4 O-O 10. cxd5 cxd5 11. Bxf6 Bxf6 12. Bxd5 Rb8 13. Bb3 Qb6 14. Nc3
Bh3 15. Nd5 Qc6 16. Qc1 Qa6 17. Bc4 Qd6 18. Rd1 Qc6 19. Ne7+ Bxe7 20. Bxf7+ Kxf7
21. Qxc6 Rxb2 22. Qe4 Bf6 23. Qd5+ Be6 24. Qa5 Rxe2 25. Qxa7+ Kg8 26. Qa6 Bg4
27. Qc4+ Kh8 28. Qxg4 Rc2 29. Rdc1 Rd2 30. Rc8 Rdd8 31. Rac1 h6 32. Qf5 Rde8 33.
Qd7 1-0

[Event "AUTO-OPEN-4609"]
[Site "http://www.queenalice.com/game.php?id=1870571"]
[Date "2026.3.14"]
[Round "2"]
[White "alvm"]
[Black "WoodpusherKid"]
[Result "0-1"]
[WhiteElo "2175"]
[BlackElo "2687"]

1. d4 d5 2. c4 c6 3. Nc3 e6 4. cxd5 exd5 5. Nf3 Nf6 6. Bg5 h6 7. Bh4 Bf5 8. e3
Nbd7 9. Bd3 Bxd3 10. Qxd3 Bd6 11. O-O O-O 12. Rac1 Re8 13. Rfe1 Qb8 14. a3 Ne4
15. Nd2 Bxh2+ 16. Kf1 Nxd2+ 17. Qxd2 g5 18. Bg3 Bxg3 19. fxg3 Qxg3 20. e4 Nf6
21. Re3 Qf4+ 22. Ke1 dxe4 23. Ne2 Qh4+ 24. Kd1 Qf2 25. Rb3 e3 26. Qd3 Nd5 27.
Rxb7 Reb8 28. Rxb8+ Rxb8 29. Rxc6 Rxb2 30. Rc2 Qf1# 0-1